QUEST Central Library Banner

English Grammar ATA Glance (Record no. 14461)

MARC details
000 -LEADER
fixed length control field 00334nam a22001457a 4500
020 ## - INTERNATIONAL STANDARD BOOK NUMBER
ISBN 8121929040
022 ## - INTERNATIONAL STANDARD SERIAL NUMBER
ISSN 978-8121929042
082 ## - DEWEY DECIMAL CLASSIFICATION NUMBER
Classification number 428.2GNA
100 ## - MAIN ENTRY--AUTHOR NAME
Personal name Gnanamural M
245 ## - TITLE STATEMENT
Title English Grammar ATA Glance
260 ## - PUBLICATION, DISTRIBUTION, ETC. (IMPRINT)
Place of publication New Delhi
Name of publisher S.Chand and company
Year of publication 2008
300 ## - PHYSICAL DESCRIPTION
Number of Pages 374
650 ## - SUBJECT ADDED ENTRY--TOPICAL TERM
Topical Term English Grammar
942 ## - ADDED ENTRY ELEMENTS (KOHA)
Koha item type Books
Holdings
Withdrawn status Lost status Home library Current library Date acquired Cost, normal purchase price Full call number Accession Number Koha item type
    Central Library, QUEST, Nawabshah Central Library, QUEST, Nawabshah 02/11/2015 236.00 428.2GNA 52926 Books
    Central Library, QUEST, Nawabshah Central Library, QUEST, Nawabshah 02/11/2015 236.00 428.2GNA 52927 Books
    Seminar Library, Electrical Engg. Seminar Library, Electrical Engg. 02/11/2015 236.00 428.2GNA 52925 Books

Copyright © 2018,The QUEST, Nawabshah, Shaheed Benazirabad. All rights reserved
Mr. G. Farooq Channar (Librarian) QUEST, Nawabshah, Sindh, Pakistan 67480.
 Ph#: |   0244-9370381-4 Ext. 2308   Email| lib@quest.edu.pk   Web|  http://www.quest.edu.pk